Laing y la antipsiquiatría / (Record no. 88351)

MARC details
000 -LEADER
campo de control de longitud fija 00778nam a2200241 i 4500
001 - NÚMERO DE CONTROL
campo de control 88351
003 - IDENTIFICADOR DE NÚMERO DE CONTROL
campo de control ES-MaACL
005 - FECHA Y HORA DE LA ÚLTIMA TRANSACCIÓN
campo de control 20250804062539.0
007 - CAMPO FIJO DE DESCRIPCIÓN FÍSICA--INFORMACIÓN GENERAL
campo de control de longitud fija t|
008 - DATOS DE LONGITUD FIJA--INFORMACIÓN GENERAL
campo de control de longitud fija 050104s1978 sp ||||1| spa d
100 1# - ENTRADA PRINCIPAL--NOMBRE DE PERSONA
Nombre de persona Laing, Ronald David.
9 (RLIN) 69695
245 10 - MENCIÓN DEL TÍTULO
Título Laing y la antipsiquiatría /
Mención de responsabilidad, etc. R.D. Laing ; Mary Barnes ... [et al.] ; compilación de R. Boyers y R. Orrill ; [traductor, Leopoldo Lovelace].
260 ## - PUBLICACIÓN, DISTRIBUCIÓN, ETC.
Lugar de publicación, distribución, etc. Madrid :
Nombre del editor, distribuidor, etc. Alianza,
Fecha de publicación, distribución, etc. [1978]
300 ## - DESCRIPCIÓN FÍSICA
Extensión 279 p. ;
Dimensiones 18 cm.
490 1# - MENCIÓN DE SERIE
Mención de serie El libro de bolsillo
700 1# - ENTRADA AGREGADA--NOMBRE PERSONAL
Nombre de persona Barnes, Mary.
9 (RLIN) 25720
700 1# - ENTRADA AGREGADA--NOMBRE PERSONAL
Nombre de persona Boyers, R.
9 (RLIN) 31192
700 1# - ENTRADA AGREGADA--NOMBRE PERSONAL
Nombre de persona Orrill, R.
9 (RLIN) 87353
700 1# - ENTRADA AGREGADA--NOMBRE PERSONAL
Nombre de persona Lovelace, Leopoldo.
9 (RLIN) 74355
830 03 - PUNTO DE ACCESO ADICIONAL DE SERIE-TÍTULO UNIFORME
Título uniforme El libro de bolsillo
9 (RLIN) 177802
852 ## - LOCALIZACIÓN
Ubicación ES-MaACL
Número de control de estantería A-8631
Sublocalización o colección R.97840
Holdings
Estatus retirado Estado de pérdida Estado de daño No para préstamo Biblioteca de origen Biblioteca actual Ubicación en estantería Fecha de adquisición Fuente de adquisición Total de préstamos Signatura topográfica completa Código de barras Visto por última vez Precio de reemplazo Tipo de ítem Koha
        Biblioteca del Ateneo de Madrid Biblioteca del Ateneo de Madrid Depósito 1 17/01/2008     A-8631 1092292 23/02/2023 23/02/2023 Libro impreso